000 00435nam a2200169Ia 4500
008 240729s9999 xx 000 0 und d
022 _a1664-8021
245 0 _aFrontiers in Genetics
260 _aSwitzerland
260 _bFrontiers Media S.A.
650 _a Biology (General)
650 _a Genetics
650 _aScience
856 _uhttps://doaj.org/toc/d632e266963548a5b8ba47ca791bb456
942 _2ddc
942 _cDOAJEJ
999 _c67954
_d67954
945 _a1
_bMadushi Gamage
_c1
_dMadushi Gamage